000 00564cam a2200205ua 4500
001 11116
008 160327n II |||gr||||Z||||||eng
040 _aMAIN
041 _aEnglish
082 _a910.02 TIK
100 _aTIKKHA, DR. R.N.
245 _aPHYSICAL GEOGRAPHY
250 _aREV & ENL.
260 _aMEERUT
_bKEDARNATH RAMNATH
_c1998-99
300 _a596:
_c20CM.
500 _aDonated Book Madhuri Kamdar, Ex. Studentm, Sibsagar Girls` College on 30-09-2-13
653 _aPHYSICAL GEOGRAPHY
700 _aTIKKHA, DR. R.N.,
_eAUTHOR.
942 _cBK
999 _c11083
_d11083